[Event "Bundesliga 2122"]
[Site "Germany"]
[Date "2022.05.15"]
[Round "8.6"]
[White "Rupprecht, Andreas"]
[Black "Bacrot, Etienne"]
[Result "0-1"]
[WhiteElo "2389"]
[BlackElo "2635"]
[PlyCount "108"]
[EventDate "2022.03.05"]
[EventType "team-tourn"]
[EventRounds "15"]
[EventCountry "GER"]
[SourceTitle "EXT 2023"]
[Source "ChessBase"]
[SourceDate "2022.10.05"]
[SourceVersion "1"]
[SourceVersionDate "2022.10.05"]
[SourceQuality "1"]
[WhiteTeam "Augsburg"]
[BlackTeam "Baden-Baden"]
[WhiteTeamCountry "GER"]
[BlackTeamCountry "GER"]

1. e4 c6 2. d4 d5 3. exd5 cxd5 4. Bd3 Nc6 5. c3 Qc7 6. Na3 a6 7. Nc2 Nf6 8. h3 e6 9. Qe2 b6 10. Nf3 Bd6 11. 0-0 Bb7 12. Re1 0-0 13. Ne5 Ne4 14. f3 Nc5 15. dxc5 Bxe5 16. cxb6 Qxb6+ 17. Be3 Qc7 18. Kh1 Bd6 19. Nd4 Na5 20. Qc2 g6 21. Bh6 Rfe8 22. Qc1 Nc6 23. Bf1 Be5 24. Qe3 Bh8 25. Bf4 e5 26. Nxc6 Qxc6 27. Bh2 Bf6 28. Bg3 Re6 29. Rad1 Rae8 30. Qd2 Qa4 31. a3 h5 32. Qc1 Bg7 33. Qg5 Kh7 34. Qe3 Qb3 35. Bd3 f5 36. Qe2 Qb6 37. Qc2 Bc6 38. Bf2 Qb7 39. Bf1 Bh6 40. Bg3 e4 41. fxe4 dxe4 42. Bc4 Rf6 43. Bh4 g5 44. Bf2 f4 45. Bd4 Rf5 46. Kg1 g4 47. hxg4 hxg4 48. Re2 Kg6 49. Rde1 Bg5 50. Kf1 Re7 51. Qb3 Qxb3 52. Bxb3 e3 53. Bc2 Be4 54. Bxe4 Rxe4 0-1

[Event "Bundesliga 2122"]
[Site "Germany"]
[Date "2022.03.05"]
[Round "1.4"]
[White "Wagner, Dennis"]
[Black "Rupprecht, Andreas"]
[Result "1-0"]
[WhiteElo "2584"]
[BlackElo "2389"]
[PlyCount "53"]
[EventDate "2022.03.05"]
[EventType "team-tourn"]
[EventRounds "15"]
[EventCountry "GER"]
[SourceTitle "EXT 2023"]
[Source "ChessBase"]
[SourceDate "2022.10.05"]
[SourceVersion "1"]
[SourceVersionDate "2022.10.05"]
[SourceQuality "1"]
[WhiteTeam "Viernheim"]
[BlackTeam "Augsburg"]
[WhiteTeamCountry "GER"]
[BlackTeamCountry "GER"]

1. d4 f5 2. Nf3 Nf6 3. c4 g6 4. Nc3 Bg7 5. b4 0-0 6. e3 e6 7. Be2 Qe7 8. Qb3 Nc6 9. Ba3 d6 10. 0-0 Ng4 11. b5 Nd8 12. c5 Nf7 13. Rac1 b6 14. h3 Ngh6 15. e4 fxe4 16. Nxe4 Nf5 17. Rfd1 Bb7 18. c6 Bc8 19. Bb2 Nh4 20. Ned2 Kh8 21. Bc4 Nxf3+ 22. Nxf3 Ng5 23. Nxg5 Qxg5 24. Rc3 e5 25. Rg3 Qh5 26. dxe5 Bxe5 27. Re1 1-0

[Event "Bundesliga 1920"]
[Site "Germany"]
[Date "2021.10.15"]
[Round "11.8"]
[White "Milov, Vadim"]
[Black "Rupprecht, Andreas"]
[Result "1-0"]
[WhiteElo "2607"]
[BlackElo "2390"]
[PlyCount "52"]
[EventDate "2019.11.23"]
[EventType "team-tourn"]
[EventRounds "15"]
[EventCountry "GER"]
[SourceTitle "EXT 2022"]
[Source "ChessBase"]
[SourceDate "2021.10.06"]
[SourceVersion "1"]
[SourceVersionDate "2021.10.06"]
[SourceQuality "1"]
[WhiteTeam "Baden-Baden"]
[BlackTeam "Augsburg"]
[WhiteTeamCountry "GER"]
[BlackTeamCountry "GER"]

1. d4 f5 2. Nf3 Nf6 3. c4 g6 4. Nc3 Bg7 5. h4 d6 6. Bf4 Nc6 7. e3 0-0 8. c5 e6 9. cxd6 cxd6 10. Qb3 Kh8 11. Qa3 Ne4 12. h5 g5 13. h6 Bxd4 14. Nxe4 gxf4 15. Nxd6 fxe3 16. 0-0-0 Qf6 17. Nxd4 Nxd4 18. fxe3 Nc6 19. g4 e5 20. Bc4 Be6 21. Bxe6 Qxe6 22. gxf5 Qf6 23. Qb3 e4 24. Rhg1 Ne5 25. Qe6 Nd3+ 26. Rxd3 exd3 1-0

[Event "Bundesliga 1920"]
[Site "Germany"]
[Date "2021.10.15"]
[Round "12.8"]
[White "Rupprecht, Andreas"]
[Black "Dautov, Rustem"]
[Result "1/2-1/2"]
[WhiteElo "2390"]
[BlackElo "2595"]
[PlyCount "55"]
[EventDate "2019.11.23"]
[EventType "team-tourn"]
[EventRounds "15"]
[EventCountry "GER"]
[SourceTitle "EXT 2022"]
[Source "ChessBase"]
[SourceDate "2021.10.06"]
[SourceVersion "1"]
[SourceVersionDate "2021.10.06"]
[SourceQuality "1"]
[WhiteTeam "Augsburg"]
[BlackTeam "Deizisau"]
[WhiteTeamCountry "GER"]
[BlackTeamCountry "GER"]

1. e4 c6 2. c4 d5 3. exd5 cxd5 4. cxd5 Nf6 5. Nc3 Nxd5 6. Bc4 Nb6 7. Bb3 Nc6 8. Nf3 g6 9. a4 a5 10. d4 Bg7 11. d5 Nb4 12. 0-0 0-0 13. Re1 Bg4 14. h3 Bxf3 15. Qxf3 Nc8 16. Bg5 Ra6 17. Rad1 h6 18. Bh4 Bf6 19. d6 Rxd6 20. Bxf6 exf6 21. Qxb7 f5 22. Rxd6 Nxd6 23. Qa7 Qb8 24. Qd4 Nc6 25. Qd5 Nb4 26. Qd4 Nc6 27. Qd5 Nb4 28. Qd2 1/2-1/2

[Event "Bundesliga 1920"]
[Site "Germany"]
[Date "2020.02.23"]
[Round "8.8"]
[White "Rupprecht, Andreas"]
[Black "Bodrozic, Tomislav"]
[Result "1-0"]
[WhiteElo "2390"]
[BlackElo "2363"]
[PlyCount "67"]
[EventDate "2019.11.23"]
[EventType "team-tourn"]
[EventRounds "15"]
[EventCountry "GER"]
[SourceTitle "CBM 195 Extra"]
[Source "ChessBase"]
[SourceDate "2020.05.31"]
[SourceVersion "1"]
[SourceVersionDate "2020.05.31"]
[SourceQuality "1"]
[WhiteTeam "Augsburg"]
[BlackTeam "Speyer Schwegenheim"]
[WhiteTeamCountry "GER"]
[BlackTeamCountry "GER"]

1. e4 e6 2. d4 d5 3. exd5 exd5 4. Nf3 Nf6 5. Bd3 c5 6. 0-0 Be7 7. dxc5 0-0 8. Nc3 Nc6 9. Bg5 Be6 10. Qd2 Re8 11. Nb5 Ne4 12. Bxe7 Qxe7 13. Qf4 g5 14. Qe3 Nxc5 15. Nxg5 Nxd3 16. Nxe6 fxe6 17. Qxd3 Qg7 18. c3 Rad8 19. Rfe1 e5 20. Re3 e4 21. Qd2 Kh8 22. Rg3 Qf6 23. Qe3 a6 24. Nd4 Ne5 25. Rf1 Nc4 26. Qe2 Re7 27. b3 Ne5 28. f3 exf3 29. Nxf3 Ng4 30. Qd2 Ne3 31. Re1 Nf5 32. Rxe7 Qxe7 33. Qg5 Re8 34. Qxf5 1-0

[Event "Bundesliga 1920"]
[Site "Germany"]
[Date "2020.02.22"]
[Round "7.7"]
[White "Rupprecht, Andreas"]
[Black "Baramidze, David"]
[Result "0-1"]
[WhiteElo "2390"]
[BlackElo "2593"]
[PlyCount "71"]
[EventDate "2019.11.23"]
[EventType "team-tourn"]
[EventRounds "15"]
[EventCountry "GER"]
[SourceTitle "CBM 195 Extra"]
[Source "ChessBase"]
[SourceDate "2020.05.31"]
[SourceVersion "1"]
[SourceVersionDate "2020.05.31"]
[SourceQuality "1"]
[WhiteTeam "Augsburg"]
[BlackTeam "Hockenheim"]
[WhiteTeamCountry "GER"]
[BlackTeamCountry "GER"]

1. e4 c5 2. c3 Nf6 3. e5 Nd5 4. Nf3 Nc6 5. d4 cxd4 6. cxd4 d6 7. Bc4 Nb6 8. Bb5 Bd7 9. Nc3 dxe5 10. dxe5 g6 11. Qe2 Bg7 12. 0-0 0-0 13. h3 Qc7 14. Bf4 a6 15. Bd3 Be6 16. Rfd1 Rad8 17. Rac1 Nd5 18. Nxd5 Bxd5 19. b3 Bxf3 20. Qxf3 Qa5 21. Be4 Rxd1+ 22. Rxd1 Nxe5 23. Bxe5 Bxe5 24. Bxb7 Qxa2 25. Bd5 e6 26. Bc4 a5 27. Qe4 Qb2 28. g3 Rc8 29. Kg2 Bf6 30. Rd7 Qe5 31. Qxe5 Bxe5 32. Ra7 Bc3 33. Kf3 Rd8 34. Rb7 Rd2 35. Ke3 Rb2 36. f3 0-1

[Event "Bundesliga 1920"]
[Site "Germany"]
[Date "2019.11.23"]
[Round "1.1"]
[White "Rupprecht, Andreas"]
[Black "Meissner, Felix"]
[Result "1/2-1/2"]
[WhiteElo "2390"]
[BlackElo "2377"]
[PlyCount "74"]
[EventDate "2019.11.23"]
[EventType "team-tourn"]
[EventRounds "15"]
[EventCountry "GER"]
[SourceTitle "CBM 193 Extra"]
[Source "ChessBase"]
[SourceDate "2020.01.31"]
[SourceVersion "1"]
[SourceVersionDate "2020.01.31"]
[SourceQuality "1"]
[WhiteTeam "Augsburg"]
[BlackTeam "Hamburger SK"]
[WhiteTeamCountry "GER"]
[BlackTeamCountry "GER"]

1. e4 c5 2. Nf3 d6 3. Bb5+ Nd7 4. Ba4 a6 5. c4 Ngf6 6. Nc3 g6 7. d4 cxd4 8. Nxd4 Bg7 9. 0-0 0-0 10. h3 Nb6 11. Bb3 Nfd7 12. Be3 Nc5 13. Qe2 Nxb3 14. axb3 Nd7 15. Rfd1 Rb8 16. b4 e6 17. c5 dxc5 18. bxc5 Qc7 19. Na4 Nf6 20. Qf3 Nd7 21. Rac1 e5 22. Ne2 f5 23. exf5 gxf5 24. Qd5+ Kh8 25. f4 Qc6 26. Qxc6 bxc6 27. Nb6 Nxb6 28. cxb6 exf4 29. Nxf4 Bxb2 30. Rxc6 Kg8 31. Nd5 Bb7 32. Rc7 Be5 33. Re7 Rfe8 34. Rxe5 Rxe5 35. Bf4 Rxd5 36. Rxd5 Bxd5 37. Bxb8 Kf7 1/2-1/2

[Event "BL2-Ost 1718"]
[Site "Germany"]
[Date "2018.02.25"]
[Round "10.3"]
[White "Rupprecht, Andreas"]
[Black "Paul, Johannes"]
[Result "1/2-1/2"]
[WhiteElo "2415"]
[BlackElo "2335"]
[PlyCount "81"]
[EventDate "2017.10.21"]
[EventType "team-tourn"]
[EventRounds "10"]
[EventCountry "GER"]
[SourceTitle "CBM 183 Extra"]
[Source "ChessBase"]
[SourceDate "2018.04.19"]
[SourceVersion "1"]
[SourceVersionDate "2018.04.19"]
[SourceQuality "1"]
[WhiteTeam "Forchheim"]
[BlackTeam "Magdeburg Aufbau Elbe"]
[WhiteTeamCountry "GER"]
[BlackTeamCountry "GER"]

1. e4 c5 2. Nf3 e6 3. g3 d5 4. exd5 exd5 5. d4 Nf6 6. Bg2 Be7 7. 0-0 0-0 8. Nc3 Nc6 9. Bg5 cxd4 10. Nxd4 h6 11. Be3 Bg4 12. Qd3 Qd7 13. Rfe1 Bb4 14. Nxc6 bxc6 15. Bd4 Bf5 16. Qd1 Rfe8 17. Bxf6 Rxe1+ 18. Qxe1 gxf6 19. Nxd5 Bxe1 20. Nxf6+ Kg7 21. Nxd7 Bd2 22. Rd1 Bg5 23. h4 Bxc2 24. Rd6 Be7 25. Rxc6 Rd8 26. Ne5 Rd1+ 27. Kh2 Rd2 28. Rc7 Kf6 29. Nf3 Rxf2 30. Kg1 Re2 31. Nd4 Bd6 32. Rc6 Rxg2+ 33. Kxg2 Be4+ 34. Kh3 Bxc6 35. Nxc6 a6 36. Kg4 Kg6 37. a3 h5+ 38. Kf3 Kf5 39. Nd4+ Ke5 40. Ne2 Kd5 41. b4 1/2-1/2

[Event "BL2-Ost 1718"]
[Site "Germany"]
[Date "2017.12.10"]
[Round "6.3"]
[White "Renner, Christoph"]
[Black "Rupprecht, Andreas"]
[Result "1/2-1/2"]
[WhiteElo "2333"]
[BlackElo "2415"]
[PlyCount "34"]
[EventDate "2017.10.21"]
[EventType "team-tourn"]
[EventRounds "10"]
[EventCountry "GER"]
[SourceTitle "CBM 183 Extra"]
[Source "ChessBase"]
[SourceDate "2018.04.19"]
[SourceVersion "1"]
[SourceVersionDate "2018.04.19"]
[SourceQuality "1"]
[WhiteTeam "Garching"]
[BlackTeam "Forchheim"]
[WhiteTeamCountry "GER"]
[BlackTeamCountry "GER"]

1. Nf3 Nf6 2. d4 g6 3. Bf4 Bg7 4. e3 0-0 5. c3 d6 6. Bc4 a6 7. a4 b6 8. 0-0 Bb7 9. Nbd2 Ne4 10. d5 Nxd2 11. Qxd2 c6 12. e4 b5 13. Be2 Nd7 14. axb5 axb5 15. Nd4 cxd5 16. exd5 Bxd5 17. Nxb5 Bb7 1/2-1/2

[Event "BL2-Ost 1718"]
[Site "Germany"]
[Date "2017.12.09"]
[Round "5.3"]
[White "Rupprecht, Andreas"]
[Black "Eliseev, Evgeniy1111"]
[Result "1/2-1/2"]
[WhiteElo "2415"]
[BlackElo "2401"]
[PlyCount "63"]
[EventDate "2017.10.21"]
[EventType "team-tourn"]
[EventRounds "10"]
[EventCountry "GER"]
[SourceTitle "CBM 183 Extra"]
[Source "ChessBase"]
[SourceDate "2018.04.19"]
[SourceVersion "1"]
[SourceVersionDate "2018.04.19"]
[SourceQuality "1"]
[WhiteTeam "Forchheim"]
[BlackTeam "Nuernberg NT"]
[WhiteTeamCountry "GER"]
[BlackTeamCountry "GER"]

1. Nf3 d6 2. d4 Nf6 3. c4 Nbd7 4. Nc3 e5 5. e4 Be7 6. Be2 0-0 7. 0-0 c6 8. Qc2 a6 9. Rd1 Qc7 10. h3 b5 11. a3 Re8 12. Be3 Bb7 13. b4 exd4 14. Nxd4 Bf8 15. Nf5 c5 16. bxc5 Nxc5 17. Nd5 Nxd5 18. exd5 bxc4 19. Qxc4 Re4 20. Qc2 Re5 21. Bd4 Ree8 22. Bf3 Ne6 23. Qd2 Nxd4 24. Nxd4 g6 25. Rab1 Bc8 26. Rdc1 Qd8 27. Qf4 Bg7 28. Nc6 Qf6 29. Qxf6 Bxf6 30. Bg4 Bxg4 31. hxg4 Re2 32. Re1 1/2-1/2

[Event "BL2-Ost 1617"]
[Site "Germany"]
[Date "2017.03.19"]
[Round "9.3"]
[White "Meijers, Viesturs"]
[Black "Rupprecht, Andreas"]
[Result "1-0"]
[WhiteElo "2455"]
[BlackElo "2422"]
[PlyCount "41"]
[EventDate "2016.10.14"]
[EventType "team-tourn"]
[EventRounds "10"]
[EventCountry "GER"]
[SourceTitle "CBM 177 Extra"]
[Source "ChessBase"]
[SourceDate "2017.04.27"]
[SourceVersion "1"]
[SourceVersionDate "2017.04.27"]
[SourceQuality "1"]
[WhiteTeam "Nickelhuette Aue"]
[BlackTeam "Forchheim"]
[WhiteTeamCountry "GER"]
[BlackTeamCountry "GER"]

1. c4 e5 2. b3 Nc6 3. Bb2 Nf6 4. g3 d5 5. cxd5 Qxd5 6. Nf3 e4 7. Nc3 Qh5 8. Nh4 Bc5 9. Bg2 Bd4 10. Qb1 0-0 11. Nxe4 Re8 12. Bxd4 Nxe4 13. Be3 Nxd2 14. Qc2 Qe5 15. Rd1 Ne4 16. 0-0 f5 17. a3 a5 18. Nf3 Qe7 19. Nd2 Nxd2 20. Rxd2 Qxa3 21. Bxc6 1-0

[Event "BL2-Ost 1617"]
[Site "Germany"]
[Date "2017.02.19"]
[Round "8.2"]
[White "Rupprecht, Andreas"]
[Black "Hilverda, Alexander"]
[Result "1/2-1/2"]
[WhiteElo "2422"]
[BlackElo "2392"]
[PlyCount "33"]
[EventDate "2016.10.14"]
[EventType "team-tourn"]
[EventRounds "10"]
[EventCountry "GER"]
[SourceTitle "CBM 177 Extra"]
[Source "ChessBase"]
[SourceDate "2017.04.27"]
[SourceVersion "1"]
[SourceVersionDate "2017.04.27"]
[SourceQuality "1"]
[WhiteTeam "Forchheim"]
[BlackTeam "Erlangen"]
[WhiteTeamCountry "GER"]
[BlackTeamCountry "GER"]

1. Nf3 d5 2. c4 d4 3. a3 a5 4. e3 Nc6 5. exd4 Nxd4 6. Nxd4 Qxd4 7. Nc3 e5 8. d3 Nf6 9. Be3 Qd8 10. Be2 Be7 11. 0-0 0-0 12. f4 exf4 13. Rxf4 Re8 14. Qd2 Bd6 15. Rf2 Ng4 16. Bxg4 Bxg4 17. d4 1/2-1/2

[Event "BL2-Ost 1617"]
[Site "Germany"]
[Date "2016.10.14"]
[Round "6.3"]
[White "Rupprecht, Andreas"]
[Black "Seifert, Volker"]
[Result "1-0"]
[WhiteElo "2422"]
[BlackElo "2359"]
[PlyCount "121"]
[EventDate "2016.10.14"]
[EventType "team-tourn"]
[EventRounds "10"]
[EventCountry "GER"]
[SourceTitle "CBM 177 Extra"]
[Source "ChessBase"]
[SourceDate "2017.04.27"]
[SourceVersion "1"]
[SourceVersionDate "2017.04.27"]
[SourceQuality "1"]
[WhiteTeam "Forchheim"]
[BlackTeam "Garching"]
[WhiteTeamCountry "GER"]
[BlackTeamCountry "GER"]

1. Nf3 e6 2. g3 d5 3. Bg2 Nf6 4. 0-0 Be7 5. b3 0-0 6. c4 c5 7. Bb2 Nc6 8. e3 b6 9. Nc3 Bb7 10. cxd5 Nxd5 11. Nxd5 Qxd5 12. d4 Rad8 13. Ne5 Qd6 14. dxc5 Qxc5 15. Nd7 Qg5 16. h4 Qh6 17. Rc1 e5 18. Qg4 Rfe8 19. Nxe5 Nxe5 20. Bxe5 Bxg2 21. Kxg2 Ba3 22. Bf4 Qe6 23. Qxe6 fxe6 24. Rc7 e5 25. Bg5 Ra8 26. e4 Rec8 27. Rxc8+ Rxc8 28. Rd1 Rc7 29. Rd5 Bb2 30. Be3 Kf7 31. a4 Bc3 32. Kf3 Ke6 33. Ke2 Bb4 34. Rb5 Bc3 35. Kd3 Bb2 36. f4 exf4 37. gxf4 Rc3+ 38. Kd2 Rc6 39. f5+ Kf6 40. Bg5+ Kf7 41. Rd5 h6 42. Be3 g6 43. fxg6+ Kxg6 44. h5+ Kf6 45. Kd3 Rc3+ 46. Ke2 Rxb3 47. Rb5 Ra3 48. Rxb2 Rxa4 49. Kf3 Ra5 50. Kg4 Ra4 51. Rf2+ Ke6 52. Kf3 Ra5 53. Rh2 Ra3 54. Rg2 b5 55. Rg6+ Kf7 56. Rxh6 Kg7 57. Rd6 b4 58. h6+ Kh8 59. Rd8+ Kh7 60. Rd7+ Kg6 61. h7 1-0

[Event "BL2-Ost 1516"]
[Site "Germany"]
[Date "2016.02.21"]
[Round "10.4"]
[White "Rupprecht, Andreas"]
[Black "Krensing, Jan"]
[Result "1/2-1/2"]
[WhiteElo "2421"]
[BlackElo "2336"]
[PlyCount "56"]
[EventDate "2015.09.20"]
[EventType "team-tourn"]
[EventRounds "9"]
[EventCountry "GER"]
[SourceTitle "CBM 171 Extra"]
[Source "ChessBase"]
[SourceDate "2016.04.26"]
[SourceVersion "1"]
[SourceVersionDate "2016.04.26"]
[SourceQuality "1"]
[WhiteTeam "Forchheim"]
[BlackTeam "Bindlach"]
[WhiteTeamCountry "GER"]
[BlackTeamCountry "GER"]

1. Nf3 c5 2. e4 Nc6 3. d4 cxd4 4. Nxd4 g6 5. c4 Bg7 6. Be3 Nf6 7. Nc3 0-0 8. Be2 d6 9. 0-0 Bd7 10. Qd2 Nxd4 11. Bxd4 Bc6 12. Bd3 a5 13. Rae1 Nd7 14. Bxg7 Kxg7 15. Re3 a4 16. Rh3 Rh8 17. Nd5 e6 18. Nb4 Nc5 19. Nxc6 bxc6 20. f4 f5 21. exf5 exf5 22. b4 axb3 23. axb3 Qf6 24. b4 Qd4+ 25. Qe3 Qxe3+ 26. Rxe3 Nxd3 27. Rxd3 Rhb8 28. Rb1 Ra4 1/2-1/2

[Event "BL2-Ost 1516"]
[Site "Germany"]
[Date "2015.09.20"]
[Round "2.4"]
[White "Melamed, Tatiana"]
[Black "Rupprecht, Andreas"]
[Result "1/2-1/2"]
[WhiteElo "2296"]
[BlackElo "2421"]
[PlyCount "36"]
[EventDate "2015.09.20"]
[EventType "team-tourn"]
[EventRounds "9"]
[EventCountry "GER"]
[SourceTitle "CBM 170 Extra"]
[Source "ChessBase"]
[SourceDate "2016.02.25"]
[SourceVersion "1"]
[SourceVersionDate "2016.02.25"]
[SourceQuality "1"]
[WhiteTeam "Magdeburg"]
[BlackTeam "Forchheim"]
[WhiteTeamCountry "GER"]
[BlackTeamCountry "GER"]

1. e4 c6 2. d4 d5 3. Nd2 dxe4 4. Nxe4 Nf6 5. Nxf6+ gxf6 6. Nf3 Bf5 7. Bd3 Bg6 8. Bf4 e6 9. 0-0 Bd6 10. Bg3 0-0 11. Qd2 Bxg3 12. hxg3 Nd7 13. Rfe1 Re8 14. Rad1 b5 15. Qh6 Qe7 16. d5 cxd5 17. Bxb5 Red8 18. Rxd5 Qb4 1/2-1/2

[Event "BL2-Ost 1415"]
[Site "Germany"]
[Date "2014.10.19"]
[Round "2.2"]
[White "Haba, Petr"]
[Black "Rupprecht, Andreas"]
[Result "1/2-1/2"]
[WhiteElo "2502"]
[BlackElo "2415"]
[PlyCount "26"]
[EventDate "2014.10.18"]
[EventType "team-tourn"]
[EventRounds "10"]
[EventCountry "GER"]
[SourceTitle "CBM 166 Extra"]
[Source "ChessBase"]
[SourceDate "2015.06.18"]
[SourceVersion "1"]
[SourceVersionDate "2015.06.18"]
[SourceQuality "1"]
[WhiteTeam "Erfurt"]
[BlackTeam "Forchheim"]
[WhiteTeamCountry "GER"]
[BlackTeamCountry "GER"]

1. d4 e6 2. c4 c5 3. d5 exd5 4. cxd5 d6 5. Nc3 g6 6. Nf3 Bg7 7. Nd2 Nd7 8. e4 Ngf6 9. Be2 0-0 10. 0-0 Re8 11. a4 Ne5 12. Qc2 Bg4 13. Bb5 Bd7 1/2-1/2

[Event "BL2-Ost 1314"]
[Site "Germany"]
[Date "2013.11.10"]
[Round "4.3"]
[White "Baldauf, Marco"]
[Black "Rupprecht, Andreas"]
[Result "1/2-1/2"]
[WhiteElo "2402"]
[BlackElo "2401"]
[PlyCount "80"]
[EventDate "2013.10.12"]
[EventType "team-tourn"]
[EventRounds "10"]
[EventCountry "GER"]
[SourceTitle "EXT 2015"]
[Source "ChessBase"]
[SourceDate "2014.11.20"]
[SourceVersion "1"]
[SourceVersionDate "2014.11.20"]
[SourceQuality "1"]
[WhiteTeam "Rosenheim Pang"]
[BlackTeam "Forchheim"]
[WhiteTeamCountry "GER"]
[BlackTeamCountry "GER"]

1. d4 Nf6 2. c4 c5 3. d5 e6 4. Nc3 exd5 5. cxd5 d6 6. Nf3 g6 7. Nd2 Nbd7 8. e4 Bg7 9. Be2 0-0 10. 0-0 Ne8 11. f4 Nb6 12. a4 a5 13. Kh1 f5 14. Qb3 Kh8 15. Nf3 fxe4 16. Nxe4 Nf6 17. Nxf6 Bxf6 18. Bd2 Bg4 19. h3 Bxf3 20. Bxf3 c4 21. Qb5 Nd7 22. Rac1 Ra6 23. Rxc4 Nc5 24. Be3 Rb6 25. Qxa5 Rxb2 26. Qxd8 Rxd8 27. Bxc5 dxc5 28. Rxc5 Rb4 29. Bg4 Rxa4 30. Rb5 Bd4 31. Rxb7 Rxd5 32. Re1 Ra1 33. Rb8+ Kg7 34. Rb7+ Kh8 35. Rxa1 Bxa1 36. Kh2 Bc3 37. Kg3 h5 38. Rd7 Rxd7 39. Bxd7 Be1+ 40. Kf3 Kg7 1/2-1/2

[Event "BL2-Ost 1112"]
[Site "Germany"]
[Date "2012.03.18"]
[Round "8.3"]
[White "Rupprecht, Andreas"]
[Black "Mons, Leon"]
[Result "1/2-1/2"]
[WhiteElo "2401"]
[BlackElo "2296"]
[PlyCount "43"]
[EventDate "2011.10.02"]
[EventType "team-tourn"]
[EventRounds "9"]
[EventCountry "GER"]
[SourceTitle "EXT 2015"]
[Source "ChessBase"]
[SourceDate "2014.11.20"]
[SourceVersion "1"]
[SourceVersionDate "2014.11.20"]
[SourceQuality "1"]
[WhiteTeam "Muenchen Tarrasch"]
[BlackTeam "Forchheim"]
[WhiteTeamCountry "GER"]
[BlackTeamCountry "GER"]

1. e4 g6 2. d4 Bg7 3. Nc3 c6 4. Nf3 d5 5. h3 Nf6 6. Bd3 dxe4 7. Nxe4 Nxe4 8. Bxe4 Bf5 9. Bxf5 Qa5+ 10. c3 Qxf5 11. Qe2 Qb5 12. c4 Qb4+ 13. Bd2 Qd6 14. 0-0 0-0 15. Rfe1 e6 16. a3 Nd7 17. Rad1 Rfe8 18. Qe4 e5 19. Bb4 Qc7 20. d5 Rad8 21. dxc6 bxc6 22. Bd6 1/2-1/2

[Event "BL2-Ost 1112"]
[Site "Germany"]
[Date "2012.01.15"]
[Round "5.3"]
[White "Kirchner, Thomas"]
[Black "Rupprecht, Andreas"]
[Result "0-1"]
[WhiteElo "2314"]
[BlackElo "2401"]
[PlyCount "80"]
[EventDate "2011.10.02"]
[EventType "team-tourn"]
[EventRounds "9"]
[EventCountry "GER"]
[SourceTitle "EXT 2015"]
[Source "ChessBase"]
[SourceDate "2014.11.20"]
[SourceVersion "1"]
[SourceVersionDate "2014.11.20"]
[SourceQuality "1"]
[WhiteTeam "Nuernberg"]
[BlackTeam "Muenchen Tarrasch"]
[WhiteTeamCountry "GER"]
[BlackTeamCountry "GER"]

1. e4 c6 2. d4 d5 3. exd5 cxd5 4. c4 Nf6 5. Nc3 e6 6. c5 Be7 7. Nf3 0-0 8. Bd3 b6 9. b4 a5 10. Na4 Nbd7 11. Bf4 axb4 12. c6 Nc5 13. dxc5 bxc5 14. c7 Qe8 15. Nb6 Ra3 16. 0-0 Qc6 17. Nxc8 Rxc8 18. Rc1 Rxa2 19. Bb1 Raa8 20. Re1 Bd6 21. Bg5 Nd7 22. Bd8 g6 23. Ng5 Nf8 24. Qf3 Qd7 25. h4 Bxc7 26. Bf6 Ra3 27. Re3 Rxe3 28. Qxe3 Qd6 29. Nf3 Qf4 30. Be7 Nd7 31. Kf1 Qxe3 32. fxe3 f6 33. Nd4 Kf7 34. Bxc5 Bb6 35. Nb5 Rxc5 36. Rxc5 Nxc5 37. g4 Ke7 38. Ke2 e5 39. h5 gxh5 40. gxh5 Ne4 0-1

[Event "BL2-Ost 0910"]
[Site "Germany"]
[Date "2010.04.11"]
[Round "9.2"]
[White "Rupprecht, Andreas"]
[Black "Jansa, Vlastimil"]
[Result "1/2-1/2"]
[WhiteElo "2407"]
[BlackElo "2495"]
[PlyCount "124"]
[EventDate "2009.10.18"]
[EventType "team-tourn"]
[EventRounds "9"]
[EventCountry "GER"]
[SourceTitle "EXT 2011"]
[Source "ChessBase"]
[SourceDate "2010.11.26"]
[SourceVersion "1"]
[SourceVersionDate "2010.11.26"]
[SourceQuality "1"]
[WhiteTeam "Muenchen Tarrasch"]
[BlackTeam "Forchheim"]
[WhiteTeamCountry "GER"]
[BlackTeamCountry "GER"]

1. e4 c5 2. c3 Nf6 3. e5 Nd5 4. d4 cxd4 5. cxd4 e6 6. Nf3 b6 7. Bc4 Bb7 8. 0-0 Na6 9. Nc3 Nac7 10. Ne4 Be7 11. Nd6+ Bxd6 12. exd6 Na6 13. Bg5 f6 14. Bd2 0-0 15. Rc1 Qe8 16. Re1 Qf7 17. Qe2 Nb8 18. b4 a6 19. a4 b5 20. axb5 axb5 21. Bxb5 Ra2 22. Qc4 Ra3 23. Ra1 Rxf3 24. Ra7 Nb6 25. Qc7 Bd5 26. Qxb6 Qg6 27. Bf1 Rb3 28. Qc5 h5 29. b5 h4 30. Ra3 Rb2 31. Bc1 Rc2 32. Rc3 Ra2 33. Ra3 Rc2 34. Rc3 Ra2 35. Ree3 Qf5 36. Rf3 Qg6 37. Rh3 Qf5 38. Rhf3 Qg6 39. Rf4 Qh5 40. h3 f5 41. Bc4 Qd1+ 42. Kh2 Bxc4 43. Qxc4 Re2 44. Rd3 Qc2 45. Qxc2 Rxc2 46. Ba3 Rfc8 47. Bc5 Rb2 48. Rxh4 Rxb5 49. g4 Rf8 50. gxf5 Rxf5 51. Kg2 Nc6 52. Rf3 g6 53. Rg4 Kf7 54. Rgf4 Rb2 55. h4 Rd2 56. h5 gxh5 57. Rxf5+ exf5 58. Rxf5+ Kg6 59. Rf4 Rd3 60. Re4 Kf6 61. Rf4+ Kg6 62. Re4 Kf6 1/2-1/2

[Event "BL2-Ost 0708"]
[Site "Germany"]
[Date "2008.03.09"]
[Round "7.1"]
[White "Rupprecht, Andreas"]
[Black "Schunk, Thomas"]
[Result "1/2-1/2"]
[WhiteElo "2376"]
[BlackElo "2285"]
[PlyCount "31"]
[EventDate "2007.10.21"]
[EventType "team-tourn"]
[EventRounds "9"]
[EventCountry "GER"]
[SourceTitle "EXT 2009"]
[Source "ChessBase"]
[SourceDate "2008.11.26"]
[SourceVersion "1"]
[SourceVersionDate "2008.11.26"]
[SourceQuality "1"]
[WhiteTeam "Regensburg Fortuna"]
[BlackTeam "Leipzig Gohlis"]
[WhiteTeamCountry "GER"]
[BlackTeamCountry "GER"]

1. e4 d6 2. d4 Nf6 3. Nc3 c6 4. f4 b5 5. e5 dxe5 6. fxe5 b4 7. exf6 bxc3 8. fxg7 Bxg7 9. bxc3 e5 10. Qh5 exd4 11. Nf3 d3 12. Bxd3 Bxc3+ 13. Kf2 Be6 14. Rb1 Nd7 15. Rd1 Qa5 16. Qxa5 1/2-1/2